Bulletin slovenskej advokácie

Bibliographic Details
Format: Journal
Language:Slovak
Czech
PhysicalDescription:zv. 20-30 cm
Published: Bratislava Slovenská advokátska komora 1994-
ISSN:1335-1079
Subjects:
Online Access:http://www.sak.sk

MARC

LEADER 00000cas a2200000 a 4500
001 vtls001468937
003 SK-MaSNL
005 20260429160958.0
008 101102c19949999xo mr|p g 0 0b0slo
022 |a 1335-1079 
035 |a SNK000424242 
035 |a (SVKBB03)vtls000037019 
040 |a SNK  |b slo  |c SNK  |d SAVUK  |d SVKBB  |e AACR2 
041 0 |a slo  |a cze  |b eng  |b ger  |b slo  |b cze 
044 |a xo  |c SK 
072 7 |a 34  |x Právo  |2 konspekt 
072 7 |a 347.9  |x Občianske súdne konanie. Súdnictvo  |2 konspekt 
080 |a 347.965  |2 2011 
080 |a 34  |2 2011 
080 |a 050  |2 2011 
080 |a (051)-027.561  |2 2011 
210 0 |a Bull. slov. advok. 
222 0 |a Bulletin slovenskej advokácie 
245 0 0 |a Bulletin slovenskej advokácie 
246 1 2 |a Slovenské dni trestného práva  |b prvý ročník konferencie 29. a 30. apríla 2010 Bratislava Devín  |f Mimoriadne číslo r. 2010 
260 |a Bratislava  |b Slovenská advokátska komora  |c 1994- 
300 |a zv.  |c 20-30 cm 
310 |a 6x ročne  |b 2023- 
321 |a 6x ročne  |b 1995-2004 
321 |a 1x ročne  |b 1994 
321 |a 1x mesačne  |b 2005-2022 
362 0 |a Č. 0 (1994)- 
500 |a Reg. č.: MK SR 1212/95 ; MK SR 4161/10 
500 |a Od r. 2008 začína s výškou formátu 30 cm 
500 |a Podnázov v tir. od roč. XIV, č. 1-2 (2008): mesačník Slovenskej advokátskej komory ; od r. 2016-5/2019, recenzovaný právnický časopis SAK ; 6/2019-, recenzovaný časopis pre právnu vedu a prax 
500 |a V r. 2010 vyšiel Zborník: Slovenské dni trestného práva, prvý ročník konferencie 29. a 30. apríla 2010 
500 |a Mimoriadne číslo 2014 vyšlo pri príležitosti 20. výročia vydávania časopisu ; mimoriadne číslo r. 2017: konferencia advokátov 2017 
500 |a Výkonná redaktorka: Naďa Ondrišová 
500 |a V každom roku v č. 12 je uvedený prehľad ročníka v danom roku - obsah všetkých čísel 
504 |a Bibliogr. ; menný a vecný register r. 1994-2013 je v mimoriadnom čísle 2014 
515 |a Niektoré čísla vydávané ako dvojčísla 
525 |a Od roku 2005 príloha: Vestník Slovenskej advokátskej komory. Má priebežné číslovanie 
525 |a V č. 6/2016 príloha Rozhodcovský súd slovenskej advokátskej komory 
546 |a Čiast. text aj čes.; res. angl., nem., slov. , české 
650 0 7 |a advokácia  |2 SNKPH  |9 2212 
650 0 7 |a právo  |2 SNKPH  |9 976 
650 0 7 |a Legal advocacy  |2 SNKPHeng  |9 267282 
650 0 7 |a Law  |2 SNKPHeng  |9 265417 
655 7 |a odborné časopisy  |2 SNKPH  |9 70505 
655 7 |a Professional journals  |2 SNKPHeng  |9 265007 
700 1 |a Ondrišová, Naďa  |4 red  |9 267283 
710 2 |a Slovenská advokátska komora  |4 pbl  |9 32690 
856 4 1 |u http://www.sak.sk 
910 |a savuk 
910 |a snk 
916 |a 1994-2013, 2014-2016, 2017, 2018, 2019, 2020, 2021, 2022-2023 
999 |c 3560  |d 5490 
952 |t č. 1-6  |a SNK  |b SNK  |y PREZ  |7 0  |p 17A0431859  |o snkČSD 2073/1999  |i snk2005/7242  |8 0  |f 1  |0 0  |1 0  |4 0  |d 2005-04-28  |l 0  |r 2026-02-21 19:41:07  |w 2026-02-21 
952 |t č. 1-6  |a SNK  |b SNK  |y PREZ  |7 0  |p 17A0431861  |o snkČSD 2073/2000  |i snk2005/7243  |8 0  |f 1  |0 0  |1 0  |4 0  |d 2005-04-28  |l 0  |r 2026-02-21 19:41:08  |w 2026-02-21 
952 |t č. 1-6  |a SNK  |b SNK  |y PREZ  |7 0  |p 17A0431863  |o snkČSD 2073/2001  |i snk2005/7246  |8 0  |f 1  |3 Treba urobiť xerokópiu, alebo mikrofilm čísla 6, ktoré chýba v duplikáte  |0 0  |1 0  |4 0  |d 2005-04-28  |l 0  |r 2026-02-21 19:41:08  |w 2026-02-21 
952 |t č. 1-6  |a SNK  |b SNK  |y PREZ  |7 0  |p 17A0431865  |o snkČSD 2073/2002  |i snk2005/7247  |8 0  |f 1  |0 0  |1 0  |4 0  |d 2005-04-28  |l 0  |r 2026-02-21 19:41:08  |w 2026-02-21 
952 |t č. 1-6  |a SNK  |b SNK  |y PREZ  |7 0  |p 17A0431867  |o snkČSD 2073/2003  |i snk2005/7249  |8 0  |f 1  |0 0  |1 0  |4 0  |d 2005-04-28  |l 0  |r 2026-02-21 19:41:08  |w 2026-02-21 
952 |t č. 1-6  |a SNK  |b SNK  |y PREZ  |7 0  |p 17A0431860  |o snkČSD 2073/1999 D1  |i snk2005/7252  |8 0  |0 0  |1 0  |4 0  |d 2005-04-28  |l 0  |r 2026-02-21 19:41:08  |w 2026-02-21 
952 |t č. 1-6  |a SNK  |b SNK  |y PREZ  |7 0  |p 17A0431862  |o snkČSD 2073/2000 D1  |i snk2005/7255  |8 0  |0 0  |1 0  |4 0  |d 2005-04-28  |l 0  |r 2026-02-21 19:41:08  |w 2026-02-21 
952 |t č. 1-5, neúplné  |a SNK  |b SNK  |y PREZ  |7 0  |p 17A0431864  |o snkČSD 2073/2001 D1  |i snk2005/7260  |8 0  |z Chýba č. 6  |0 0  |1 0  |4 0  |d 2005-04-28  |l 0  |r 2026-02-21 19:41:08  |w 2026-02-21 
952 |t č. 1-6  |a SNK  |b SNK  |y PREZ  |7 0  |p 17A0431866  |o snkČSD 2073/2002 D1  |i snk2005/7265  |8 0  |0 0  |1 0  |4 0  |d 2005-04-28  |l 0  |r 2026-02-21 19:41:08  |w 2026-02-21 
952 |t č. 1-6  |a SNK  |b SNK  |y PREZ  |7 0  |p 17A0431868  |o snkČSD 2073/2003 D1  |i snk2005/7266  |8 0  |0 0  |1 0  |4 0  |d 2005-04-28  |l 0  |r 2026-02-21 19:41:08  |w 2026-02-21 
952 |t č. 1-6  |a SNK  |b SNK  |y PREZ  |7 0  |p 17A1370042  |o snkČSD 2073/23/2017/1 D1  |i snk2019/19072  |8 0  |0 0  |1 0  |4 0  |d 2019-07-19  |l 0  |r 2026-02-21 19:43:04  |w 2026-02-21 
952 |t č. 1-6  |a SNK  |b SNK  |y PREZ  |7 0  |p 17A1523854  |o snkČSD 2073/28/2022/1  |i snk2024/12228  |8 0  |0 0  |1 0  |4 0  |d 2024-07-31  |l 0  |r 2026-02-21 19:49:36  |w 2026-02-21 
952 |t č. 7-12 + príl.  |a SNK  |b SNK  |y PREZ  |7 0  |p 17A1523855  |o snkČSD 2073/28/2022/2  |i snk2024/12229  |8 0  |z Príloha v č. 11-12: List advokátom 2023  |0 0  |1 0  |4 0  |d 2024-07-31  |l 0  |r 2026-02-21 19:49:36  |w 2026-02-21 
952 |t č. 1-6 + príl.  |a SNK  |b SNK  |y PREZ  |7 0  |p 17A1523856  |o snkČSD 2073/29/2023  |i snk2024/12231  |8 0  |z Príloha v č. 6: List advokátom 2024  |0 0  |1 0  |4 0  |d 2024-07-31  |l 0  |r 2026-02-21 19:49:36  |w 2026-02-21 
952 |t č. 1-6  |a SNK  |b SNK  |y PREZ  |7 0  |p 17A0671919  |o snkČSD 2073/1998  |i snkČSP 3481/99  |f 1  |0 0  |1 0  |4 0  |d 2010-10-15  |l 0  |r 2026-02-21 19:55:33  |w 2026-02-21 
952 |t č. 1-6  |a SNK  |b SNK  |y PREZ  |7 0  |p 17A0672084  |o snkČSD 2073/2004  |i snk2010/24253  |8 0  |f 1  |0 0  |1 0  |4 0  |d 2010-11-05  |l 0  |r 2026-02-21 19:55:45  |w 2026-02-21 
952 |t č. 1-6  |a SNK  |b SNK  |y PREZ  |7 0  |p 17A0672085  |o snkČSD 2073/2004 D1  |i snk2010/24254  |8 0  |0 0  |1 0  |4 0  |d 2010-11-05  |l 0  |r 2026-02-21 19:55:45  |w 2026-02-21 
952 |t č. 1-5  |a SNK  |b SNK  |y PREZ  |7 0  |p 17A0672086  |o snkČSD 2073/11/2005/1  |i snk2010/24255  |8 0  |f 1  |0 0  |1 0  |4 0  |d 2010-11-05  |l 0  |r 2026-02-21 19:55:45  |w 2026-02-21 
952 |t č. 1-5  |a SNK  |b SNK  |y PREZ  |7 0  |p 17A0672088  |o snkČSD 2073/11/2005/1 D1  |i snk2010/24256  |8 0  |0 0  |1 0  |4 0  |d 2010-11-05  |l 0  |r 2026-02-21 19:55:45  |w 2026-02-21 
952 |t č. 6-12  |a SNK  |b SNK  |y PREZ  |7 0  |p 17A0672089  |o snkČSD 2073/11/2005/2 D1  |i snk2010/24258  |8 0  |0 0  |1 0  |4 0  |d 2010-11-05  |l 0  |r 2026-02-21 19:55:45  |w 2026-02-21 
952 |t č. 1-6  |a SNK  |b SNK  |y PREZ  |7 0  |p 17A0661541  |o snkČSD 2073/12/2006/1  |i snk2010/24261  |8 0  |f 1  |0 0  |1 0  |4 0  |d 2010-11-05  |l 0  |r 2026-02-21 19:55:45  |w 2026-02-21 
952 |t č. 1-6  |a SNK  |b SNK  |y PREZ  |7 0  |p 17A0672091  |o snkČSD 2073/12/2006/1 D1  |i snk2010/24262  |8 0  |0 0  |1 0  |4 0  |d 2010-11-05  |l 0  |r 2026-02-21 19:55:45  |w 2026-02-21 
952 |t č. 7-12  |a SNK  |b SNK  |y PREZ  |7 0  |p 17A0672090  |o snkČSD 2073/12/2006/2  |i snk2010/24263  |8 0  |f 1  |0 0  |1 0  |4 0  |d 2010-11-05  |l 0  |r 2026-02-21 19:55:45  |w 2026-02-21 
952 |t č. 7-12  |a SNK  |b SNK  |y PREZ  |7 0  |p 17A0672092  |o snkČSD 2073/12/2006/2 D1  |i snk2010/24264  |8 0  |0 0  |1 0  |4 0  |d 2010-11-05  |l 0  |r 2026-02-21 19:55:45  |w 2026-02-21 
952 |t č. 1-6 + príl.  |a SNK  |b SNK  |y PREZ  |7 0  |p 17A0672093  |o snkČSD 2073/13/2007/1  |i snk2010/24265  |8 0  |f 1  |0 0  |1 0  |4 0  |d 2010-11-05  |l 0  |r 2026-02-21 19:55:45  |w 2026-02-21 
952 |t č. 1-6 + príl.  |a SNK  |b SNK  |y PREZ  |7 0  |p 17A0672095  |o snkČSD 2073/13/2007/1 D1  |i snk2010/24266  |8 0  |0 0  |1 0  |4 0  |d 2010-11-05  |l 0  |r 2026-02-21 19:55:45  |w 2026-02-21 
952 |t č. 7-12  |a SNK  |b SNK  |y PREZ  |7 0  |p 17A0672094  |o snkČSD 2073/13/2007/2  |i snk2010/24267  |8 0  |f 1  |0 0  |1 0  |4 0  |d 2010-11-05  |l 0  |r 2026-02-21 19:55:45  |w 2026-02-21 
952 |t č. 7-12  |a SNK  |b SNK  |y PREZ  |7 0  |p 17A0672096  |o snkČSD 2073/13/2007/2 D1  |i snk2010/24268  |8 0  |0 0  |1 0  |4 0  |d 2010-11-05  |l 0  |r 2026-02-21 19:55:45  |w 2026-02-21 
952 |t č. 1-12  |a SNK  |b SNK  |y PREZ  |7 0  |p 17A0672097  |o snkČSD 2073/14/2008  |i snk2010/24269  |8 0  |f 1  |0 0  |1 0  |4 0  |d 2010-11-05  |l 0  |r 2026-02-21 19:55:45  |w 2026-02-21 
952 |t č. 1-12, neúplné  |a SNK  |b SNK  |y PREZ  |7 0  |p 17A0672098  |o snkČSD 2073/14/2008 D1  |i snk2010/24270  |8 0  |z Chýba č. 7, 8  |0 0  |1 0  |4 0  |d 2010-11-05  |l 0  |r 2026-02-21 19:55:45  |w 2026-02-21 
952 |t č. 1-12  |a SNK  |b SNK  |y PREZ  |7 0  |p 17A0672501  |o snkČSD 2073/15/2009  |i snk2010/24271  |8 0  |f 1  |0 0  |1 0  |4 0  |d 2010-11-05  |l 0  |r 2026-02-21 19:55:46  |w 2026-02-21 
952 |t č. 1-6  |a SNK  |b SNK  |y PREZ  |7 0  |p 17A1555852  |o snkČSD 2073/28/2022/1 D1  |i snk2025/5420  |8 0  |0 0  |1 0  |4 0  |d 2025-03-27  |l 0  |r 2026-02-21 19:58:14  |w 2026-02-21 
952 |t č. 7-12 + príl.  |a SNK  |b SNK  |y PREZ  |7 0  |p 17A1555853  |o snkČSD 2073/28/2022/2 D1  |i snk2025/5421  |8 0  |z Príl.: List advokátom 2023 (v č. 11-12)  |0 0  |1 0  |4 0  |d 2025-03-27  |l 0  |r 2026-02-21 19:58:14  |w 2026-02-21 
952 |t č. 1-6 + 2 príl.  |a SNK  |b SNK  |y PREZ  |7 0  |p 17A1555854  |o snkČSD 2073/29/2023 D1  |i snk2025/5422  |8 0  |z Príl.: Prehľad kauzálnej príslušnosti súdov (v č. 3), List advokátom 2024 (v č. 6)  |0 0  |1 0  |4 0  |d 2025-03-27  |l 0  |r 2026-02-21 19:58:14  |w 2026-02-21 
952 |t č. 1-6 + 2 príl.  |a SNK  |b SNK  |y PREZ  |7 0  |p 17A1434220  |o snkČSD 2073/26/2020/1  |i snk2021/6256  |8 0  |z Príl.: v č. 1 - 145. výročie vzniku advokátskych komôr na území Slovenska ; v č. 4 - Back-Online News  |f 1  |0 0  |1 0  |4 0  |d 2021-06-02  |l 0  |r 2026-02-21 19:59:38  |w 2026-02-21 
952 |t č. 7-12  |a SNK  |b SNK  |y PREZ  |7 0  |p 17A1434221  |o snkČSD 2073/26/2020/2  |i snk2021/6257  |8 0  |f 1  |0 0  |1 0  |4 0  |d 2021-06-02  |l 0  |r 2026-02-21 19:59:38  |w 2026-02-21 
952 |t č. 1-6  |a SNK  |b SNK  |y PREZ  |7 0  |p 17A1462867  |o snkČSD 2073/25/2019/1 D1  |i snk2022/9144  |8 0  |0 0  |1 0  |4 0  |d 2022-06-07  |l 0  |r 2026-02-21 20:01:07  |w 2026-02-21 
952 |t č. 7-12  |a SNK  |b SNK  |y PREZ  |7 0  |p 17A1462868  |o snkČSD 2073/25/2019/2 D1  |i snk2022/9147  |8 0  |0 0  |1 0  |4 0  |d 2022-06-07  |l 0  |r 2026-02-21 20:01:07  |w 2026-02-21 
952 |t č. 1-6 + 2 príl.  |a SNK  |b SNK  |y PREZ  |7 0  |p 17A1462869  |o snkČSD 2073/26/2020/1 D1  |i snk2022/9150  |8 0  |z Príl.: v č. 1 - 145. výročie vzniku advokátskych komôr na území Slovenska ; v č. 4 - Back-Online News  |0 0  |1 0  |4 0  |d 2022-06-07  |l 0  |r 2026-02-21 20:01:07  |w 2026-02-21 
952 |t č. 7-12, neúplné  |a SNK  |b SNK  |y PREZ  |7 0  |p 17A1462870  |o snkČSD 2073/26/2020/2 D1  |i snk2022/9151  |8 0  |z Chýba č. 12  |0 0  |1 0  |4 0  |d 2022-06-07  |l 0  |r 2026-02-21 20:01:07  |w 2026-02-21 
952 |t č. 1-6 + 2 príl.  |a SNK  |b SNK  |y PREZ  |7 0  |p 17A1462871  |o snkČSD 2073/27/2021/1  |i snk2022/9158  |8 0  |z Príl.: Vestník slovenskej advokátskej komory, v č. 4 čiastka 70, v č. 5 čiastka 71  |f 1  |0 0  |1 0  |4 0  |d 2022-06-07  |l 0  |r 2026-02-21 20:01:07  |w 2026-02-21 
952 |t č. 7-12 + 2 príl.  |a SNK  |b SNK  |y PREZ  |7 0  |p 17A1462872  |o snkČSD 2073/27/2021/2  |i snk2022/9162  |8 0  |z Príl.: Vestník slovenskej advokátskej komory, v č. 10 čiastka 72, v č. 11 čiastka 73  |f 1  |0 0  |1 0  |4 0  |d 2022-06-07  |l 0  |r 2026-02-21 20:01:08  |w 2026-02-21 
952 |t č. 6-12  |a SNK  |b SNK  |y PREZ  |7 0  |p 17A0672087  |o snkČSD 2073/11/2005/2  |i snk2010/24257  |8 0  |f 1  |0 0  |1 0  |4 0  |d 2010-11-05  |l 0  |r 2026-02-21 20:08:53  |w 2026-02-21 
952 |t č. 1-6  |a SNK  |b SNK  |y PREZ  |7 0  |p 17A1463367  |o snkČSD 2073/27/2021/1 D1  |i snk2022/11668  |8 0  |0 0  |1 0  |4 0  |d 2022-07-26  |l 0  |r 2026-02-21 20:12:30  |w 2026-02-21 
952 |t č. 7-12  |a SNK  |b SNK  |y PREZ  |7 0  |p 17A1463368  |o snkČSD 2073/27/2021/2 D1  |i snk2022/11670  |8 0  |0 0  |1 0  |4 0  |d 2022-07-26  |l 0  |r 2026-02-21 20:12:31  |w 2026-02-21 
952 |t č. 1-6  |a SNK  |b SNK  |y PREZ  |7 0  |p 17A0709606  |o snkČSD 2073/1998 D1  |i snkČSP 3482/99  |0 0  |1 0  |4 0  |d 2011-09-17  |l 0  |r 2026-02-21 20:17:09  |w 2026-02-21 
952 |t č. 1-6  |a SNK  |b SNK  |y PREZ  |7 0  |p 17A0257265  |o snkČSD 2073/1997 D1  |0 0  |1 0  |4 0  |d 2000-11-10  |l 0  |r 2005-01-02 00:00:00  |w 2026-02-21 
952 |t č. 1-6  |a SNK  |b SNK  |y PREZ  |7 0  |p 17A0257405  |o snkČSD 2073/1995 D1  |0 0  |1 0  |4 0  |d 2000-11-10  |l 0  |r 2005-01-02 00:00:00  |w 2026-02-21 
952 |a SNK  |b SNK  |y PREZ  |7 0  |p 17A0257303  |o snkČSD 2073/1994 D1  |0 0  |1 0  |4 0  |d 2000-11-10  |l 0  |r 2005-01-02 00:00:00  |w 2026-02-21 
952 |t č. 1-12  |a SNK  |b SNK  |y PREZ  |7 0  |p 17A1095217  |o snkČSD 2073/19/2013  |i snk2014/8402  |8 0  |f 1  |0 0  |1 0  |4 0  |d 2014-04-01  |l 0  |r 2026-02-21 20:51:12  |w 2026-02-21 
952 |t č. 1-12  |a SNK  |b SNK  |y PREZ  |7 0  |p 17A1095218  |o snkČSD 2073/17/2011 D1  |i snk2014/8407  |8 0  |0 0  |1 0  |4 0  |d 2014-04-01  |l 0  |r 2026-02-21 20:51:12  |w 2026-02-21 
952 |t č. 1-12  |a SNK  |b SNK  |y PREZ  |7 0  |p 17A1095219  |o snkČSD 2073/18/2012 D1  |i snk2014/8408  |8 0  |0 0  |1 0  |4 0  |d 2014-04-01  |l 0  |r 2026-02-21 20:51:12  |w 2026-02-21 
952 |t č. 1-12  |a SNK  |b SNK  |y PREZ  |7 0  |p 17A1095220  |o snkČSD 2073/19/2013 D1  |i snk2014/8409  |8 0  |0 0  |1 0  |4 0  |d 2014-04-01  |l 0  |r 2026-02-21 20:51:12  |w 2026-02-21 
952 |a SNK  |b SNK  |y PREZ  |7 0  |p 17A0882148  |o snkČSD 2073/1994  |i snkČSP 300/98  |f 1  |0 0  |1 0  |4 0  |d 2014-03-28  |l 0  |r 2026-02-21 20:51:22  |w 2026-02-21 
952 |t č. 1-6  |a SNK  |b SNK  |y PREZ  |7 0  |p 17A0882147  |o snkČSD 2073/1995  |i snkČSP 302/98  |f 1  |0 0  |1 0  |4 0  |d 2014-03-28  |l 0  |r 2026-02-21 20:51:22  |w 2026-02-21 
952 |t č. 1-6  |a SNK  |b SNK  |y PREZ  |7 0  |p 17A0882146  |o snkČSD 2073/1997  |i snkČSP 342/2000  |f 1  |0 0  |1 0  |4 0  |d 2014-03-28  |l 0  |r 2026-02-21 20:51:22  |w 2026-02-21 
952 |t č. 1-12 + príl.  |a SNK  |b SNK  |y PREZ  |7 0  |p 17A1095213  |o snkČSD 2073/16/2010 D1  |i snk2014/8392  |8 0  |z Príloha: Zborník : slovenské dni trestného práva, prvý ročník konferencie 29. a 30. apríla 2010  |0 0  |1 0  |4 0  |d 2014-04-01  |l 0  |r 2026-02-21 20:51:24  |w 2026-02-21 
952 |t č. 1-12 + príl.  |a SNK  |b SNK  |y PREZ  |7 0  |p 17A1095214  |o snkČSD 2073/16/2010  |i snk2014/8395  |8 0  |z Príloha: Zborník : slovenské dni trestného práva; prvý ročník konferencie 29. a 30. apríla 2010  |f 1  |0 0  |1 0  |4 0  |d 2014-04-01  |l 0  |r 2026-02-21 20:51:24  |w 2026-02-21 
952 |t č. 1-12  |a SNK  |b SNK  |y PREZ  |7 0  |p 17A1095215  |o snkČSD 2073/17/2011  |i snk2014/8398  |8 0  |f 1  |0 0  |1 0  |4 0  |d 2014-04-01  |l 0  |r 2026-02-21 20:51:24  |w 2026-02-21 
952 |t č. 1-12  |a SNK  |b SNK  |y PREZ  |7 0  |p 17A1095216  |o snkČSD 2073/18/2012  |i snk2014/8400  |8 0  |f 1  |0 0  |1 0  |4 0  |d 2014-04-01  |l 0  |r 2026-02-21 20:51:24  |w 2026-02-21 
952 |t č. 1-6  |a SNK  |b SNK  |y PREZ  |7 0  |p 17A0170874  |o snkČSD 2073/1996 D1  |0 0  |1 0  |4 0  |d 1998-11-25  |l 0  |r 2005-01-02 00:00:00  |w 2026-02-21 
952 |t č. 1-6  |a SNK  |b SNK  |y PREZ  |7 0  |p 17A0257321  |o snkČSD 2073/1996  |i snkČSP 304/98  |f 1  |0 0  |1 0  |4 0  |d 2000-11-10  |l 0  |r 2005-01-02 00:00:00  |w 2026-02-21 
952 |t č. 1-12  |a SNK  |b SNK  |y PREZ  |7 0  |p 17A0661542  |o snkČSD 2073/15/2009 D1  |i snk2010/24272  |8 0  |0 0  |1 0  |4 0  |d 2010-11-05  |l 0  |r 2026-02-21 21:42:23  |w 2026-02-21 
952 |t č. 1-12 + mimoriad.č., 3.príl.  |a SNK  |b SNK  |y PREZ  |7 0  |p 17A1201985  |o snkČSD 2073/20/2014  |i snk2016/18686  |8 0  |z Príl.: Vestník Slovenskej advokátskej komory: v č.3- čiastka 38;v č.6- čiastka 39; v č.10-11- čiastka 40  |f 1  |0 0  |1 0  |4 0  |d 2016-08-05  |l 0  |r 2026-02-21 21:54:30  |w 2026-02-21 
952 |t č. 1-12 + mimoriad.č., 3.príl.  |a SNK  |b SNK  |y PREZ  |7 0  |p 17A1201986  |o snkČSD 2073/20/2014 D1  |i snk2016/18687  |8 0  |z Príl.: Vestník Slovenskej advokátskej komory: v č. 3- čiastka 38, v č. 6- čiastka 39, v č. 10-11- čiastka 40  |0 0  |1 0  |4 0  |d 2016-08-05  |l 0  |r 2026-02-21 21:54:30  |w 2026-02-21 
952 |t č. 1-12 + 2 príl.  |a SNK  |b SNK  |y PREZ  |7 0  |p 17A1201987  |o snkČSD 2073/21/2015  |i snk2016/18696  |8 0  |z Príl.: Vestník Slovenskej advokátskej komory: v č. 10 - čiastka 41; v č. 11- čiastka 42  |f 1  |0 0  |1 0  |4 0  |d 2016-08-05  |l 0  |r 2026-02-21 21:54:30  |w 2026-02-21 
952 |t č. 1-6  |a SNK  |b SNK  |y PREZ  |7 0  |p 17A1388195  |o snkČSD 2073/24/2018/1 D1  |i snk2020/9784  |8 0  |0 0  |1 0  |4 0  |d 2020-06-08  |l 0  |r 2026-02-21 22:00:42  |w 2026-02-21 
952 |t č. 7-12, neúplné  |a SNK  |b SNK  |y PREZ  |7 0  |p 17A1388194  |o snkČSD 2073/24/2018/2 D1  |i snk2020/9787  |8 0  |z Chýba č. 10  |0 0  |1 0  |4 0  |d 2020-06-08  |l 0  |r 2026-02-21 22:00:42  |w 2026-02-21 
952 |t č. 1-6  |a SNK  |b SNK  |y PREZ  |7 0  |p 17A1388193  |o snkČSD 2073/25/2019/1  |i snk2020/9789  |8 0  |f 1  |0 0  |1 0  |4 0  |d 2020-06-08  |l 0  |r 2026-02-21 22:00:42  |w 2026-02-21 
952 |t č. 7-12  |a SNK  |b SNK  |y PREZ  |7 0  |p 17A1388192  |o snkČSD 2073/25/2019/2  |i snk2020/9792  |8 0  |f 1  |0 0  |1 0  |4 0  |d 2020-06-08  |l 0  |r 2026-02-21 22:00:42  |w 2026-02-21 
952 |t č. 7-12 + mim. č., 4 príl.  |a SNK  |b SNK  |y PREZ  |7 0  |p 17A1370041  |o snkČSD 2073/23/2017/2 D1  |i snk2019/19073  |8 0  |z Príl.: Vestník slovenskej advokátskej komory v č. 7-8 čiastka 47,48 ; v č. 9 čiastka 49 ; v č. 10 čiastka 50   |0 0  |1 0  |4 0  |d 2019-07-19  |l 0  |r 2026-02-21 22:02:14  |w 2026-02-21 
952 |t č. 1-12 + 2 príl.  |a SNK  |b SNK  |y PREZ  |7 0  |p 17A1207720  |o snkČSD 2073/21/2015 D1  |i snk2017/14409  |8 0  |z Príl.: Vestník Slovenskej advokátskej komory: v č. 10 - čiastka 41; v č. 11- čiastka 42  |0 0  |1 0  |4 0  |d 2017-06-20  |l 0  |r 2026-02-21 22:18:17  |w 2026-02-21 
952 |t č. 1-12 + 5 príl.  |a SNK  |b SNK  |y PREZ  |7 0  |p 17A1207730  |o snkČSD 2073/22/2016  |i snk2017/14414  |8 0  |z Príl.: Vestník slovenskej advokátskej komory v č. 1-2 čiastka 43, v č. 9 čiastka 44, v č. 10 čiastka 45, v č. 12 čiastka 46 ; Rozhodcovský súd slovenskej advokátskej komory júl 2016  |f 1  |0 0  |1 0  |4 0  |d 2017-06-20  |l 0  |r 2026-02-21 22:18:17  |w 2026-02-21 
952 |t č. 1-12 + 5 príl.  |a SNK  |b SNK  |y PREZ  |7 0  |p 17A1327536  |o snkČSD 2073/22/2016 D1  |i snk2018/15948  |8 0  |z Príl.: Vestník slovenskej advokátskej komory v č. 1-2 čiastka 43, v č. 9 čiastka 44, v č. 10 čiastka 45, v č. 12 čiastka 46 ; Rozhodcovský súd slovenskej akademickej komory júl 2016  |0 0  |1 0  |4 0  |d 2018-07-26  |l 0  |r 2026-02-21 22:19:28  |w 2026-02-21 
952 |t č. 1-6  |a SNK  |b SNK  |y PREZ  |7 0  |p 17A1327537  |o snkČSD 2073/23/2017/1  |i snk2018/15950  |8 0  |f 1  |0 0  |1 0  |4 0  |d 2018-07-26  |l 0  |r 2026-02-21 22:19:28  |w 2026-02-21 
952 |t č. 7-12 + mim. č., 4 príl.  |a SNK  |b SNK  |y PREZ  |7 0  |p 17A1327538  |o snkČSD 2073/23/2017/2  |i snk2018/15953  |8 0  |z Príl.: Vestník slovenskej advokátskej komory v č. 7-8 čiastka 47,48 ; v č. 9 čiastka 49 ; v č. 10 čiastka 50   |f 1  |0 0  |1 0  |4 0  |d 2018-07-26  |l 0  |r 2026-02-21 22:19:28  |w 2026-02-21 
952 |t č. 1-6 + 2 príl.  |a SNK  |b SNK  |y PREZ  |7 0  |p 17A1370040  |o snkČSD 2073/24/2018/1  |i snk2019/19085  |8 0  |z Príl.: Vestník slovenskej advokátskej komory v č. 5 čiastka 51 ; v č. 5 čiastka 52   |f 1  |0 0  |1 0  |4 0  |d 2019-07-19  |l 0  |r 2026-02-21 22:21:44  |w 2026-02-21 
952 |t č. 7-12 + 3 príl.  |a SNK  |b SNK  |y PREZ  |7 0  |p 17A1370039  |o snkČSD 2073/24/2018/2  |i snk2019/19088  |8 0  |z Príl.: Vestník slovenskej advokátskej komory ; v č. 10 čiastka 53 ; v č. 11 čiastka 54 ; v č. 12 čiastka 55   |f 1  |0 0  |1 0  |4 0  |d 2019-07-19  |l 0  |r 2026-02-21 22:21:44  |w 2026-02-21